00535cam a22001813a 450000100060000000300060000600500170001200800410002904000150007004200070008510000250009224500860011726000290020350600300023251600200026283000290028285600420031141524PGUSA20140828083934.0121201s2012||||xxu|||||s|||||000 | eng d aPGUSAbeng adc1 aComins, Elizabeth B.10aMarion Berkley :bA Story for Girlsh[electronic resource] /cElizabeth B. Comins bProject Gutenberg,c2012 aPublic domain in the USA. aElectronic text 0aProject Gutenbergv4152440uhttp://www.gutenberg.org/ebooks/41524